Top 20 Tallest Chicago Buildings Quiz Stats

 Plays Quiz not verified by Sporcle

Also try: The 'Middle' Quiz
Challenge
Share
Tweet
Embed
Score 0/20 Timer 04:00
0 Plays Today
Height / Floors Building % Correct
1,451' / 108Willis Tower
98.4%
1,389' / 92Trump International Hotel & Tower
63.9%
1,127' / 100John Hancock Center
55.7%
1,136' / 83Aon Center
47.5%
961' / 65311 South Wacker Drive
26.2%
1,007' / 60AT&T Corporate Center
24.6%
995' / 64Two Prudential Plaza
23%
850' / 60Chase Tower
23%
871' / 66900 North Michigan
19.7%
859' / 74Water Tower Place
18%
Height / Floors Building % Correct
823' / 83Aqua
16.4%
743' / 54Blue Cross-Blue Shield Tower
13.1%
767' / 57Three First National Plaza
11.5%
734' / 62One Museum Park
11.5%
844' / 67Park Tower
9.8%
784' / 60300 North LaSalle
9.8%
755' / 50Chicago Title & Trust Building
9.8%
725' / 63Olympia Centre
9.8%
822' / 71The Legacy at Millennium Park
8.2%
695' / 52330 North Wabash
6.6%

You're not logged in!

Compare scores with friends on all Sporcle quizzes.
Join for Free
OR
Log In

You Might Also Like...

Show Comments

Extras

Top Quizzes Today


Score Distribution

Your Account Isn't Verified!

In order to create a playlist on Sporcle, you need to verify the email address you used during registration. Go to your Sporcle Settings to finish the process.

Report this User

Report this user for behavior that violates our Community Guidelines.

Details: